| 000 | 00948nam a2200265 i 4500 | ||
|---|---|---|---|
| 001 | 000022037 | ||
| 003 | DO-SdBNP | ||
| 005 | 20240409073640.0 | ||
| 007 | ta | ||
| 008 | 100916t1953 dr c 001 0bspa d | ||
| 040 |
_aDO-SdBNP _bspa _cBNPHU _erda |
||
| 082 | 4 |
_a923.17293053 _bT866m _222 |
|
| 100 | 1 |
_aMorales Castillo, Antonio, _917944 _eautor |
|
| 245 | 1 | 0 |
_aMe encontrarán de pie / _cAntonio Morales Castillo ; prólogo, Freddy Prestol Castillo. |
| 264 |
_aCiudad Trujillo, República Dominicana : _bEditora Montalvo, _c1953. |
||
| 300 |
_a95 páginas : _bretratos ; _c23 cm. |
||
| 336 |
_2rdacontent _atexto _btxt |
||
| 337 |
_2rdamedia _asin mediación _bn |
||
| 338 |
_2rdacarrier _avolumen _bnc |
||
| 590 | _aInventariado, 2023/BT | ||
| 600 | 1 | 0 |
_aTrujillo Molina, Rafael Leónidas, _d 1891-1961 _976764 |
| 700 | 1 |
_aPrestol Castillo, Freddy, _d1914-1981 _eprólogo _922071 |
|
| 910 | _aValidado. Control de calidad EMS. | ||
| 942 |
_2ddc _cLBS1 |
||
| 999 |
_c21535 _d21535 |
||